| 000 | 00736cam a22002295a 4500 | ||
|---|---|---|---|
| 001 | L159636 | ||
| 008 | 150226s2017 xxk f 000 0 eng d | ||
| 035 | _a(Sirsi) u159636 | ||
| 041 | 0 | _aeng | |
| 100 | 1 | _aBranson, Adam | |
| 245 | 0 | 0 | _aWatch this space |
| 260 | _c2017 | ||
| 490 |
_aModus _vOctober 2017, 20-23 (4) |
||
| 520 | _aLooks at the adaptive reuse of the multistorey carparks. Refers to JLL research report 'Car Parks to Residential: Driving Innovation', and the OECD study, 'Urban Mobility System Upgrade'. | ||
| 590 | _aKA | ||
| 650 | 2 | 4 | _aMULTISTOREY CARPARKS |
| 650 | 2 | 4 | _aREUSE |
| 650 | 2 | 4 |
_aResidential property _96266 |
| 651 | 4 | _aInternational | |
| 690 |
_aPlanning and development _96259 |
||
| 942 |
_n0 _2ddc |
||
| 999 |
_c84885 _d84885 |
||